| 000 | 00698nam a2200181 a 4500 | ||
|---|---|---|---|
| 001 | 000030076 | ||
| 005 | 20200930060025.0 | ||
| 008 | 110428s2003 dr 000 0 spa d | ||
| 040 |
_aDO-SdBNP _bspa _cBNPHU |
||
| 082 |
_axxx _bG943t |
||
| 245 | 0 | 1 |
_aGuía temática del examen general único para médicos aspirantes a plazas de residencias / _cPresentación Alejandro Pichardo ; introducción José García Ramírez. |
| 260 |
_aSanto DOmingo : _bConsejo Nacional de Residencias Médicas, _c2003. _fEditora Universitaria, (UASD) |
||
| 300 |
_a66 p. ; _c28 cm. |
||
| 504 | _aBibliografía : p. 15 | ||
| 700 | 1 |
_aPichardo, Alejandro _9238 |
|
| 700 | 1 |
_aGarcía Ramírez, José _956784 |
|
| 049 | _aBNPD | ||
| 999 |
_c29568 _d29568 |
||